| 000 | 00568nam a2200169 a 4500 | ||
|---|---|---|---|
| 005 | 20140412111227.0 | ||
| 008 | 010529s19uu xx 00 eng d | ||
| 020 | _a0-307-11325-6 | ||
| 050 |
_aM 597 _bD711 1992 |
||
| 100 | _aDonati, Annabelle | ||
| 245 |
_aI wonder why fish don't drawn : _band other neat facts about underwater animals / _cby Annabelle Donati; illustrated by David Schulz. |
||
| 260 |
_aNew York : _bA Golden Book, _c1992. |
||
| 300 | _a31p. ; ill; 28cm. | ||
| 650 | _aFishes-Juvenile literature | ||
| 650 | _aUnderwater animals | ||
| 999 |
_c102077 _d102077 |
||